Statistics for Hull City

Click here to take the quiz!

General Stats

  • This quiz has been taken 273 times
  • The average score is 9 of 15

Answer Stats

Hint Answer % Correct
NicknameThe Tigers
95%
Hull City's stadium 2002-PresentKC Stadium
89%
Manager who took Hull into The Premier League in 2008Phil Brown
79%
Goalscorer of the 2008 promotion-winning goal at WembleyDean Windass
74%
Year of formation1904
65%
Finishing position in 2008-09 Premier League season17th
62%
Brazilian maestro who scored winning goals at Arsenal & Tottenham in 2008Geovanni
59%
2008-09 Premier League points tally35
54%
Team Hull City defeated in the 2008 Championship Play-Off FinalBristol City
54%
Hull City's kit coloursBlack & Amber
52%
Finishing position in 2011-12 npower Championship8th
48%
Hull City's stadium 1948-2002Boothferry Park
44%
Asian City where Hull played in the 2009 Barclays Asia TrophyBeijing
31%
Team who Hull City faced in the world's first ever penalty shoot out in 1970Manchester United
29%
All time top goalscorerChris Chilton
18%

Score Distribution

Percentile by Number Answered

Percent of People with Each Score

Your Score History

You have not taken this quiz